| 000 | 01001nam a2200301 a 4500 | ||
|---|---|---|---|
| 999 |
_c9067 _d9067 |
||
| 001 | 4897430 | ||
| 003 | GZU | ||
| 005 | 20210528085351.0 | ||
| 008 | 930804s1993 sa b 001 0 eng | ||
| 010 | _a 93186772 | ||
| 020 | _a0409026921 | ||
| 040 |
_aDLC _cDLC |
||
| 041 | 0 | _aengafr | |
| 043 | _af-sa--- | ||
| 050 | 0 | 0 |
_aKTL854 _b.E37 1993 |
| 082 | 0 | 0 |
_a346.68/029 _a346.80629 _220 |
| 100 | 1 | _aEiselen, Sieg. | |
| 245 | 1 | 0 |
_aUnjustified enrichment : _ba casebook / _cSieg Eiselen, Gerrit Pienaar. |
| 260 |
_aDurban : _bButterworths, _cc1993. |
||
| 300 |
_axv, 658 p. ; _c24 cm. |
||
| 500 | _aChiefly in English; some text also in Afrikaans. | ||
| 504 | _aIncludes bibliographical references (p. 615-620) and index. | ||
| 650 | 0 |
_aUnjust enrichment _zSouth Africa _xCases. |
|
| 700 | 1 | _aPienaar, Gerrit. | |
| 906 |
_a7 _bcbc _corignew _d3 _encip _f19 _gy-gencatlg |
||
| 942 |
_2lcc _cBK _h854 _iEIS _kKTL _m1993 |
||